AIDS e patologia ambulatoriale da HIV segni e sintomi indicativi

Uloženo v:
Podrobná bibliografie
Hlavní autor: Leoncini, Francesco
Další autoři: Mazzotta, Francesco
Médium: Kniha
Jazyk:angličtina
Vydáno: Roma Mercuriale Edizioni Scientifiche 2005
Tagy: Přidat tag
Žádné tagy, Buďte první, kdo vytvoří štítek k tomuto záznamu!

MARC

LEADER 00000nam a2200000 4500
005 20240710191435.0
008 240710b |||||||| |||| 00| 0 eng d
040 |c GP 
100 |a Leoncini, Francesco 
245 |a AIDS e patologia ambulatoriale da HIV   |b segni e sintomi indicativi 
260 |a Roma  |b Mercuriale Edizioni Scientifiche  |c 2005 
700 |a Mazzotta, Francesco 
942 |2 ddc  |c BK  |n 0 
952 |0 0  |1 0  |2 ddc  |4 0  |6 614_599300000000000_LEO  |7 1  |9 1615  |a RM  |b RM  |d 2024-07-10  |l 0  |o 614.5993 LEO  |p 410  |r 2024-07-10 19:14:59  |w 2024-07-10  |y BK 
999 |c 1434  |d 1434